[Event "DEM U14 2013"]
[Site "Oberhof GER"]
[Date "2013.05.20"]
[Round "3"]
[White "Bergauz, Noam"]
[Black "Kitze, Alexander"]
[Result "1-0"]
[Termination "normal"]
[Board "2"]
[WhiteElo "1900"]
[BlackElo "1992"]
[PlyCount "65"]
[WhiteFideId "12938033"]
[BlackFideId "12914827"]
[EventCountry "GER"]
[EventRounds "9"]
[EventType "swiss"]
[EventDate "2013.05.18"]

1. e4 c5 2. Nf3 d6 3. d4 cxd4 4. Nxd4 Nf6 5. Nc3 a6 6. h3 e6 7. g4 h6 8. Bg2
Nc6 9. O-O Be7 10. Nxc6 bxc6 11. e5 Nd5 12. Nxd5 cxd5 13. c4 dxe5 14. cxd5 Rb8
15. dxe6 Bxe6 16. Qa4+ Bd7 17. Qxa6 O-O 18. Rd1 Qc7 19. Be3 Bb5 20. Qa7 Qxa7
21. Bxa7 Rbc8 22. a4 Bc6 23. a5 e4 24. Rab1 Ra8 25. Bb6 Bb4 26. Rbc1 Ba4 27.
Rd4 Bxa5 28. Bxa5 Rxa5 29. Ra1 Rb5 30. Rdxa4 Rxb2 31. Bxe4 Rd2 32. Ra8 Rdd8 33.
Rxd8 1-0

[Event "DEM U14 2013"]
[Site "Oberhof GER"]
[Date "2013.05.20"]
[Round "3"]
[White "Baskin, Robert"]
[Black "Gretz, Denis"]
[Result "1-0"]
[Termination "normal"]
[Board "3"]
[WhiteElo "2157"]
[BlackElo "1912"]
[PlyCount "73"]
[WhiteFideId "24662402"]
[BlackFideId "12945188"]
[EventCountry "GER"]
[EventRounds "9"]
[EventType "swiss"]
[EventDate "2013.05.18"]

1. e4 c5 2. Nf3 d6 3. d4 cxd4 4. Nxd4 Nf6 5. Nc3 a6 6. Bc4 e6 7. a4 Nc6 8. Be3
Be7 9. O-O O-O 10. Kh1 Qc7 11. Qe2 Bd7 12. f4 Rac8 13. Bd3 Nxd4 14. Bxd4 e5 15.
Be3 Bc6 16. a5 Rfe8 17. Bb6 Qb8 18. fxe5 dxe5 19. Bc4 Qd6 20. Bb3 Qb4 21. Qf2
Rf8 22. Rae1 Bxe4 23. Nxe4 Nxe4 24. Bxf7+ Kh8 25. Qe2 Nf6 26. c3 Qh4 27. Be6
Rc6 28. g3 Qh6 29. Qxe5 Bd6 30. Qe3 Qh5 31. Rf5 Qe8 32. Bb3 Qg6 33. Qg5 Qxg5
34. Rxg5 Rcc8 35. Re6 Bb8 36. Re7 g6 37. Bd4 1-0

[Event "DEM U14 2013"]
[Site "Oberhof GER"]
[Date "2013.05.20"]
[Round "3"]
[White "Flüchter, Gregor"]
[Black "Schröder, Kevin"]
[Result "0-1"]
[Termination "normal"]
[Board "4"]
[WhiteElo "2002"]
[BlackElo "2046"]
[PlyCount "54"]
[WhiteFideId "12903396"]
[BlackFideId "12929840"]
[EventCountry "GER"]
[EventRounds "9"]
[EventType "swiss"]
[EventDate "2013.05.18"]

1. e4 c5 2. Nf3 a6 3. c3 e6 4. d4 b5 5. Bd3 Bb7 6. O-O Nf6 7. Re1 d5 8. e5 Nfd7
9. Nbd2 Nc6 10. Nf1 Qb6 11. Bb1 Be7 12. Ng3 O-O-O 13. Be3 h6 14. Nd2 g5 15. Nh5
Kb8 16. Nb3 c4 17. Nd2 b4 18. Qc2 Qa5 19. Nf1 Nb6 20. Bd2 Na4 21. Nfg3 bxc3 22.
Bxc3 Nxc3 23. bxc3 Nxd4 24. Qb2 Nb5 25. Ne2 d4 26. Nxd4 Rxd4 27. a4 Qxc3 0-1

[Event "DEM U14 2013"]
[Site "Oberhof GER"]
[Date "2013.05.20"]
[Round "3"]
[White "Sawlin, Leonid"]
[Black "Herzum, Peter"]
[Result "1-0"]
[Termination "normal"]
[Board "5"]
[WhiteElo "1952"]
[BlackElo "1882"]
[PlyCount "79"]
[WhiteFideId "4689542"]
[BlackFideId "12919217"]
[EventCountry "GER"]
[EventRounds "9"]
[EventType "swiss"]
[EventDate "2013.05.18"]

1. e4 c5 2. Nf3 g6 3. d4 cxd4 4. Nxd4 Bg7 5. c4 Nc6 6. Be3 d6 7. Nc3 Nf6 8. f3
O-O 9. Be2 Nxd4 10. Bxd4 Be6 11. Qd2 Rc8 12. b3 Qa5 13. Rc1 Nd7 14. Be3 Qb4 15.
O-O a5 16. Rc2 Nc5 17. Rb1 Ra8 18. Qc1 Qb6 19. a3 Qc7 20. Qd1 Rfc8 21. Rcc1 a4
22. b4 Nb3 23. Rc2 Qd7 24. Nb5 f5 25. Nd4 Nxd4 26. Bxd4 Bxd4+ 27. Qxd4 fxe4 28.
fxe4 b5 29. h4 bxc4 30. Bxc4 Bxc4 31. Rxc4 Rxc4 32. Qxc4+ e6 33. b5 d5 34. exd5
exd5 35. Qd4 Rc8 36. Qxa4 Qe7 37. Qd4 Qd6 38. Rd1 Rc5 39. a4 Rc4 40. Qxc4 1-0

[Event "DEM U14 2013"]
[Site "Oberhof GER"]
[Date "2013.05.20"]
[Round "3"]
[White "Kollars, Dmitrij"]
[Black "Höglauer, Patrick"]
[Result "1/2-1/2"]
[Termination "normal"]
[Board "6"]
[WhiteElo "2027"]
[BlackElo "1928"]
[PlyCount "71"]
[WhiteFideId "12909572"]
[BlackFideId "1270548"]
[EventCountry "GER"]
[EventRounds "9"]
[EventType "swiss"]
[EventDate "2013.05.18"]

1. e4 c5 2. Nf3 e6 3. d4 cxd4 4. Nxd4 Nc6 5. Nc3 Qc7 6. f4 a6 7. Be3 b5 8. Qf3
Bb7 9. Bd3 Nf6 10. g4 Nxd4 11. Bxd4 Bc5 12. Bxc5 Qxc5 13. g5 Ng8 14. Qf2 d6 15.
O-O Ne7 16. Rad1 O-O-O 17. a4 b4 18. Nb1 h6 19. Qxc5+ dxc5 20. Rd2 a5 21. Re2
Nc6 22. Nd2 hxg5 23. fxg5 Ne5 24. Nc4 Nxc4 25. Bxc4 Rd4 26. b3 Rh5 27. Rxf7
Rxg5+ 28. Kf1 Bxe4 29. Bxe6+ Kd8 30. Bc4 Rf5+ 31. Rxf5 Bxf5 32. Re5 Bxc2 33.
Rxc5 Bd3+ 34. Bxd3 Rxd3 35. Rxa5 Rxb3 36. Ra7 1/2-1/2

[Event "DEM U14 2013"]
[Site "Oberhof GER"]
[Date "2013.05.20"]
[Round "3"]
[White "Mager, Denis"]
[Black "Rinck, Michael"]
[Result "1-0"]
[Termination "normal"]
[Board "7"]
[WhiteElo "2006"]
[BlackElo "1820"]
[PlyCount "69"]
[WhiteFideId "24691127"]
[BlackFideId "24690104"]
[EventCountry "GER"]
[EventRounds "9"]
[EventType "swiss"]
[EventDate "2013.05.18"]

1. d4 d6 2. c4 e5 3. d5 Nf6 4. Nc3 g6 5. e4 Bg7 6. Nf3 O-O 7. Be2 Nbd7 8. Qc2
a5 9. Bg5 Nc5 10. O-O Qe8 11. Nd2 h6 12. Be3 Nfd7 13. Nb3 Nxb3 14. axb3 f5 15.
f3 Nf6 16. Nb5 Qf7 17. c5 f4 18. Bf2 Ne8 19. b4 g5 20. bxa5 h5 21. c6 bxc6 22.
Qxc6 Ra6 23. Nxd6 Rxc6 24. Nxf7 Rc2 25. Bd1 Rxf2 26. Rxf2 Kxf7 27. a6 Nd6 28.
Rc2 Nb5 29. Be2 Bd7 30. Bxb5 Bxb5 31. Rxc7+ Kg6 32. Rb7 Bxa6 33. Rxa6+ Bf6 34.
Rbb6 g4 35. h3 1-0

[Event "DEM U14 2013"]
[Site "Oberhof GER"]
[Date "2013.05.20"]
[Round "3"]
[White "Schmidt, Tobias"]
[Black "Kololli, Kevin"]
[Result "0-1"]
[Termination "normal"]
[Board "8"]
[WhiteElo "1924"]
[BlackElo "1827"]
[PlyCount "80"]
[WhiteFideId "1271683"]
[BlackFideId "12936863"]
[EventCountry "GER"]
[EventRounds "9"]
[EventType "swiss"]
[EventDate "2013.05.18"]

1. e4 e5 2. Nf3 Nc6 3. Bc4 Nf6 4. Ng5 d5 5. exd5 Na5 6. Bb5+ c6 7. dxc6 bxc6 8.
Bd3 Bd6 9. O-O O-O 10. Re1 h6 11. Nf3 Re8 12. Nc3 Nb7 13. Bf1 e4 14. Nd4 Ng4
15. g3 Bc5 16. Rxe4 Rxe4 17. Nxe4 Qxd4 18. Qe1 Bf5 19. Nxc5 Nxc5 20. d3 Qe5 21.
Qxe5 Nxe5 22. Bg2 Ne6 23. f4 Ng6 24. Be3 Rb8 25. Bxc6 Rxb2 26. Ba4 Rb7 27. Rd1
Ne7 28. c4 Rb2 29. Bb3 Nc6 30. d4 Bg4 31. Rd3 Be2 32. Rc3 Nexd4 33. Bc1 Rb1 34.
Kf2 Nxb3 35. axb3 Bd1 36. Be3 Rxb3 37. Rc1 Bg4 38. Ra1 Rb2+ 39. Kf1 a5 40. Kg1
Bf3 0-1

[Event "DEM U14 2013"]
[Site "Oberhof GER"]
[Date "2013.05.20"]
[Round "3"]
[White "Scheinhütte, Jakob"]
[Black "Pallas, Sebastian"]
[Result "0-1"]
[Termination "normal"]
[Board "10"]
[WhiteElo "1722"]
[BlackElo "1897"]
[PlyCount "130"]
[WhiteFideId "24693944"]
[BlackFideId "12905453"]
[EventCountry "GER"]
[EventRounds "9"]
[EventType "swiss"]
[EventDate "2013.05.18"]

1. e4 c5 2. Nf3 d6 3. c3 Nf6 4. Be2 Nc6 5. d4 cxd4 6. cxd4 Nxe4 7. d5 Qa5+ 8.
Nc3 Nb8 9. O-O Nxc3 10. bxc3 Nd7 11. Rb1 a6 12. Be3 Nc5 13. Bd4 Qc7 14. Nd2 Bf5
15. Rb4 e5 16. dxe6 Bxe6 17. c4 O-O-O 18. Bf3 d5 19. Rb2 Bd6 20. g3 Be5 21.
Bxe5 Qxe5 22. Rb1 dxc4 23. Qc1 Qd4 24. Qa3 Rd7 25. Rfd1 Nd3 26. Rf1 Qc5 27. Qc3
b5 28. Ne4 Qc7 29. a3 Ne5 30. Bg2 Rd3 31. Qb4 Rhd8 32. Nc5 Nc6 33. Bxc6 Qxc6
34. Nxd3 Rxd3 35. Qf8+ Rd8 36. Qxg7 Bh3 37. f3 Bxf1 38. Rxf1 Qd5 39. Qh6 Kb7
40. Kg2 c3 41. Rf2 a5 42. Qc1 b4 43. axb4 axb4 44. Qf4 Qd4 45. Qxf7+ Rd7 46.
Qb3 Rc7 47. Qa4 Qc4 48. Ra2 c2 49. Qa8+ Kb6 50. Qb8+ Kc6 51. Qe8+ Kc5 52. Qe3+
Kd6 53. Qh6+ Kc5 54. Qe3+ Kc6 55. Qe8+ Kd6 56. Qd8+ Ke5 57. Ra5+ Rc5 58. Qh8+
Kd5 59. Qd8+ Kc6 60. Ra6+ Qxa6 61. Qe8+ Kb6 62. Qd8+ Kb5 63. Qd3+ Ka5 64. Qd8+
Ka4 65. Qe8+ Qc6 0-1

[Event "DEM U14 2013"]
[Site "Oberhof GER"]
[Date "2013.05.20"]
[Round "3"]
[White "Riehle, Marco"]
[Black "Tiarks, Jann-Christian"]
[Result "1-0"]
[Termination "normal"]
[Board "11"]
[WhiteElo "1876"]
[BlackElo "1535"]
[PlyCount "145"]
[WhiteFideId "12904392"]
[BlackFideId "12951595"]
[EventCountry "GER"]
[EventRounds "9"]
[EventType "swiss"]
[EventDate "2013.05.18"]

1. e4 e6 2. d4 d5 3. Nd2 dxe4 4. Nxe4 Nd7 5. Nf3 Ngf6 6. Nxf6+ Nxf6 7. c3 c5 8.
Ne5 cxd4 9. Bb5+ Bd7 10. Nxd7 Nxd7 11. Qxd4 a6 12. Ba4 b5 13. Bc2 Nf6 14. Qh4
Nd5 15. Qh3 Rc8 16. O-O Be7 17. Rd1 Qc7 18. Rd3 Bf6 19. Rxd5 exd5 20. Bf4 Qc5
21. Re1+ Be7 22. Bd6 Qxd6 23. Qxc8+ Qd8 24. Qxa6 O-O 25. Qxb5 Bf6 26. Rd1 Qa8
27. Qxd5 Qa6 28. Qd3 Qxd3 29. Bxd3 Rb8 30. Rd2 Bg5 31. Rc2 Rd8 32. Be2 Kf8 33.
g3 Ke7 34. f4 Bf6 35. Kf2 Ra8 36. b3 Rc8 37. c4 Kd6 38. b4 Re8 39. c5+ Kc7 40.
b5 Bd4+ 41. Kg2 Kb8 42. Bg4 g6 43. f5 Re5 44. fxg6 hxg6 45. c6 f5 46. Be2 Kc7
47. a4 Bb6 48. Rd2 Re7 49. Bd1 Ba5 50. Rd3 Rh7 51. Kf3 Rxh2 52. Rd7+ Kc8 53.
Rg7 Rd2 54. Be2 Rd6 55. Ra7 Bb6 56. Ra8+ Kc7 57. a5 Bc5 58. Kf4 Re6 59. Bd3
Be3+ 60. Kf3 Bc5 61. Bc4 Re3+ 62. Kg2 Rc3 63. Bd5 Rc2+ 64. Kh3 Bg1 65. b6+ Kd6
66. Bg2 g5 67. c7 g4+ 68. Kh4 Rxg2 69. c8=Q Rh2+ 70. Kg5 Be3+ 71. Kxf5 Rh5+ 72.
Kxg4 Rg5+ 73. Kf3 1-0

[Event "DEM U14 2013"]
[Site "Oberhof GER"]
[Date "2013.05.20"]
[Round "3"]
[White "Ehmann, Thilo"]
[Black "Schmidt, Daniel"]
[Result "1-0"]
[Termination "normal"]
[Board "12"]
[WhiteElo "1878"]
[BlackElo "1731"]
[PlyCount "53"]
[WhiteFideId "12940968"]
[BlackFideId "12931349"]
[EventCountry "GER"]
[EventRounds "9"]
[EventType "swiss"]
[EventDate "2013.05.18"]

1. e4 c6 2. c4 d5 3. exd5 cxd5 4. cxd5 Nf6 5. Nc3 Nxd5 6. Nf3 Nc6 7. d4 Bg4 8.
h3 Bxf3 9. Qxf3 Nxd4 10. Qxd5 Nc2+ 11. Kd1 Qxd5+ 12. Nxd5 Rc8 13. Rb1 e6 14.
Nc3 Nb4 15. Bb5+ Nc6 16. Kc2 Bc5 17. Be3 Bxe3 18. fxe3 Ke7 19. Bxc6 Rxc6 20.
Rhd1 Rhc8 21. Rd2 a6 22. Rbd1 b5 23. Rd7+ Kf6 24. Rf1+ Kg6 25. Rfxf7 b4 26.
Rxg7+ Kf5 27. Rdf7+ 1-0

[Event "DEM U14 2013"]
[Site "Oberhof GER"]
[Date "2013.05.20"]
[Round "3"]
[White "Kololli, Martin"]
[Black "Spitzl, Vinzent"]
[Result "1/2-1/2"]
[Termination "normal"]
[Board "13"]
[WhiteElo "1816"]
[BlackElo "1806"]
[PlyCount "40"]
[WhiteFideId "12936910"]
[BlackFideId "12901253"]
[EventCountry "GER"]
[EventRounds "9"]
[EventType "swiss"]
[EventDate "2013.05.18"]

1. e4 e5 2. Nf3 Nc6 3. Bc4 Bc5 4. c3 Nf6 5. d3 d6 6. O-O Be6 7. Bb5 Bd7 8. Ba4
h6 9. Re1 O-O 10. Bc2 Re8 11. h3 a6 12. d4 Ba7 13. a3 Qe7 14. Qd3 Rad8 15. Nbd2
Bc8 16. d5 Nb8 17. Nf1 c6 18. Ng3 Qf8 19. c4 g6 20. b4 cxd5 1/2-1/2

[Event "DEM U14 2013"]
[Site "Oberhof GER"]
[Date "2013.05.20"]
[Round "3"]
[White "Vogel, Roven"]
[Black "Herbrig, Alexander"]
[Result "1/2-1/2"]
[Termination "normal"]
[Board "14"]
[WhiteElo "2065"]
[BlackElo "1774"]
[PlyCount "85"]
[WhiteFideId "12908088"]
[BlackFideId "12952044"]
[EventCountry "GER"]
[EventRounds "9"]
[EventType "swiss"]
[EventDate "2013.05.18"]

1. Nf3 Nf6 2. d4 d5 3. Bf4 c6 4. e3 Bf5 5. c4 e6 6. Qb3 Qb6 7. c5 Qxb3 8. axb3
Nbd7 9. Nc3 Be7 10. h3 h6 11. b4 b5 12. Ra6 g5 13. Be5 O-O 14. Rxc6 a6 15. Kd2
Ne4+ 16. Nxe4 dxe4 17. Bd6 Bxd6 18. Rxd6 Rfd8 19. g4 Bh7 20. Ne1 Nf6 21. Rxd8+
Rxd8 22. Nc2 Nd5 23. Bg2 f5 24. gxf5 exf5 25. Ra1 Nc7 26. f3 Kf7 27. Ra5 Ke6
28. Ra1 Rf8 29. Rf1 Rf6 30. fxe4 fxe4 31. Rxf6+ Kxf6 32. Na3 Nd5 33. Nb1 Ke6
34. Nc3 Nf6 35. Ke2 h5 36. d5+ Ke5 37. d6 Bf5 38. Kf2 Bd7 39. Bf1 h4 40. Bg2
Bc6 41. Ke2 Bd7 42. Kf2 Bc6 43. Ke2 1/2-1/2

[Event "DEM U14 2013"]
[Site "Oberhof GER"]
[Date "2013.05.20"]
[Round "3"]
[White "Berezhnoy, Alex"]
[Black "Greßmann, Moritz"]
[Result "0-1"]
[Termination "normal"]
[Board "15"]
[WhiteElo "1719"]
[BlackElo "1883"]
[PlyCount "110"]
[WhiteFideId "12918997"]
[BlackFideId "24695084"]
[EventCountry "GER"]
[EventRounds "9"]
[EventType "swiss"]
[EventDate "2013.05.18"]

1. e4 e5 2. Nf3 Nc6 3. Bb5 a6 4. Ba4 Nf6 5. O-O Be7 6. Re1 b5 7. Bb3 d6 8. h3
O-O 9. c3 Na5 10. Bc2 c5 11. d4 Nd7 12. Nbd2 exd4 13. cxd4 Nc6 14. Nf1 cxd4 15.
Nxd4 Nxd4 16. Qxd4 Ne5 17. Ng3 Bxh3 18. Bf4 Bf6 19. Qb4 Bg4 20. Nf5 Bxf5 21.
exf5 Rc8 22. Re2 Rc4 23. Qd2 h5 24. Rd1 Qc8 25. Bb3 Rc6 26. Qd5 Rc5 27. Qxd6
Rd8 28. Qb6 Rxd1+ 29. Bxd1 Qxf5 30. Rxe5 Bxe5 31. Qxc5 Qxf4 32. Qc8+ Kh7 33.
Qc2+ g6 34. g3 Qd4 35. Bxh5 Bxg3 36. Bf3 Be5 37. b3 Qh4 38. Bg2 Qh5 39. Qd3 Kg7
40. Qf3 Qg5 41. Qc6 Bd4 42. Qc2 Qf4 43. a4 g5 44. axb5 axb5 45. Kf1 g4 46. Qe2
g3 47. f3 Bf2 48. Qb2+ f6 49. Qc3 Qd6 50. Qc2 Qa6 51. Qc7+ Kg6 52. Qc2+ f5 53.
Qc1 b4+ 54. Qc4 Qxc4+ 55. bxc4 b3 0-1

[Event "DEM U14 2013"]
[Site "Oberhof GER"]
[Date "2013.05.20"]
[Round "3"]
[White "Urban, Konstantin"]
[Black "Killgus, Leonard"]
[Result "1-0"]
[Termination "normal"]
[Board "16"]
[WhiteElo "1819"]
[BlackElo "1662"]
[PlyCount "79"]
[WhiteFideId "12927511"]
[BlackFideId "12922021"]
[EventCountry "GER"]
[EventRounds "9"]
[EventType "swiss"]
[EventDate "2013.05.18"]

1. e4 e5 2. Nf3 Nf6 3. Nc3 Bb4 4. Nxe5 O-O 5. Nd3 Bxc3 6. dxc3 Nxe4 7. Be2 d6
8. Bf4 Nd7 9. O-O Ng5 10. Qd2 Ne6 11. Bg3 Nf6 12. Bf3 Nd7 13. Be2 Nf6 14. Bf3
Nd7 15. Rfe1 h6 16. Bd1 Qf6 17. f4 Ndc5 18. Bf3 Rb8 19. Nb4 Qd8 20. h4 Nd7 21.
Nd5 Nf6 22. c4 Bd7 23. b4 Re8 24. c3 Bc6 25. Re2 a5 26. a3 Bxd5 27. cxd5 Nf8
28. Rae1 Rxe2 29. Rxe2 axb4 30. axb4 Qd7 31. Bf2 Ng6 32. g3 h5 33. Kg2 Ng4 34.
Bd4 f5 35. Qe1 Kf7 36. Qb1 Re8 37. Re6 Nf8 38. Qxf5+ Kg8 39. Qxh5 Nh6 40. Qxe8
1-0

[Event "DEM U14 2013"]
[Site "Oberhof GER"]
[Date "2013.05.20"]
[Round "3"]
[White "Venukumar, Danny"]
[Black "Nothnagel, Marian Can"]
[Result "0-1"]
[Termination "normal"]
[Board "17"]
[WhiteElo "1470"]
[BlackElo "1785"]
[PlyCount "116"]
[WhiteFideId "12939811"]
[BlackFideId "12921530"]
[EventCountry "GER"]
[EventRounds "9"]
[EventType "swiss"]
[EventDate "2013.05.18"]

1. Nf3 c5 2. b3 d6 3. Bb2 e5 4. e3 Nc6 5. d3 Nf6 6. Nbd2 g6 7. Be2 Bg7 8. h3 a6
9. c4 h6 10. Qc2 Qe7 11. O-O O-O 12. a3 Rb8 13. d4 exd4 14. e4 Re8 15. Bd3 Ne5
16. Nxe5 dxe5 17. Rfe1 Nh5 18. Nf3 Qf6 19. Rab1 Bxh3 20. Bc1 Bd7 21. Be2 Qd8
22. Bd2 f5 23. Bd3 f4 24. Be2 Nf6 25. b4 g5 26. Nh2 Rf8 27. bxc5 Bc6 28. Bd3
Rf7 29. Rb6 Bf8 30. Rb3 Ba4 31. Qb2 Bxb3 32. Qxb3 Nd7 33. Bb4 a5 34. Bd2 Nxc5
35. Qc2 Rc8 36. a4 Qc7 37. Rc1 b6 38. Nf3 Bg7 39. Ne1 Qc6 40. f3 Qxa4 41. Qxa4
Nxa4 42. c5 Rfc7 43. Ba6 Ra8 44. Bc4+ Kh8 45. Bd5 Rac8 46. c6 Ra8 47. Nd3 Kh7
48. Rc2 b5 49. Nc5 Nxc5 50. Rxc5 b4 51. Rb5 Bf8 52. Kf2 a4 53. Rb6 b3 54. Ke2
a3 55. Bxb3 a2 56. Bxa2 Rxa2 57. Kd1 Bc5 58. Rb7 Ra7 0-1

[Event "DEM U14 2013"]
[Site "Oberhof GER"]
[Date "2013.05.20"]
[Round "3"]
[White "Nguyen, Huy Dat"]
[Black "Goderbauer, Benedikt"]
[Result "1-0"]
[Termination "normal"]
[Board "18"]
[WhiteElo "1814"]
[BlackElo "1738"]
[PlyCount "37"]
[WhiteFideId "12923486"]
[BlackFideId "12967467"]
[EventCountry "GER"]
[EventRounds "9"]
[EventType "swiss"]
[EventDate "2013.05.18"]

1. e4 c6 2. d4 d5 3. Nc3 dxe4 4. Nxe4 Nd7 5. Ng5 Ngf6 6. Bd3 e6 7. N1f3 Be7 8.
Qe2 O-O 9. Bd2 h6 10. h4 c5 11. O-O-O cxd4 12. Nxe6 fxe6 13. Qxe6+ Kh8 14. Rde1
Bc5 15. Ng5 Nb6 16. Nf7+ Rxf7 17. Qxf7 Qd7 18. Qg6 Qg4 19. Re8+ 1-0

[Event "DEM U14 2013"]
[Site "Oberhof GER"]
[Date "2013.05.20"]
[Round "3"]
[White "Ronge, Tim"]
[Black "Rausch, Adrian"]
[Result "0-1"]
[Termination "normal"]
[Board "19"]
[WhiteElo "1604"]
[BlackElo "1750"]
[PlyCount "130"]
[WhiteFideId "12955418"]
[BlackFideId "12929069"]
[EventCountry "GER"]
[EventRounds "9"]
[EventType "swiss"]
[EventDate "2013.05.18"]

1. d4 d5 2. c4 c6 3. Nf3 Nf6 4. e3 Bf5 5. Qb3 Qb6 6. Nc3 e6 7. Be2 Nbd7 8. O-O
Be7 9. c5 Qc7 10. h3 b6 11. cxb6 axb6 12. Bd2 O-O 13. Nh4 Ne4 14. Nxe4 Bxh4 15.
Nc3 Nf6 16. f4 Ne4 17. Nxe4 Bxe4 18. Bb4 c5 19. dxc5 bxc5 20. Rac1 Be7 21. Qc3
Rfc8 22. a4 Qb7 23. Ba3 Rxa4 24. Bd1 Rc4 25. Qb3 Qxb3 26. Bxb3 Rxc1 27. Rxc1
Bf8 28. Ba2 c4 29. Bxf8 Kxf8 30. Bb1 Bxb1 31. Rxb1 Rb8 32. Kf2 Ke7 33. Ke2 Kd6
34. Kd2 e5 35. g3 Rb3 36. h4 f6 37. h5 d4 38. fxe5+ fxe5 39. exd4 exd4 40. g4
c3+ 41. Kd3 Rxb2 42. Rd1 Rd2+ 43. Rxd2 cxd2 44. Kxd2 Ke5 45. g5 Kf5 46. h6 g6
47. Kd3 Kxg5 48. Kxd4 Kxh6 49. Ke3 Kg5 50. Kf3 h5 51. Kg3 h4+ 52. Kh3 Kh5 53.
Kg2 Kg4 54. Kh2 h3 55. Kg1 Kg3 56. Kh1 g5 57. Kg1 g4 58. Kh1 Kf2 59. Kh2 Kf3
60. Kg1 g3 61. Kh1 g2+ 62. Kg1 Ke2 63. Kh2 Kf2 64. Kxh3 g1=Q 65. Kh4 Qg6 0-1

[Event "DEM U14 2013"]
[Site "Oberhof GER"]
[Date "2013.05.20"]
[Round "3"]
[White "Schmekel, Florian"]
[Black "Cegielka, Michael"]
[Result "0-1"]
[Termination "normal"]
[Board "20"]
[WhiteElo "1570"]
[BlackElo "1597"]
[PlyCount "59"]
[WhiteFideId "12913456"]
[BlackFideId "1270507"]
[EventCountry "GER"]
[EventRounds "9"]
[EventType "swiss"]
[EventDate "2013.05.18"]

1. d4 d5 2. Nf3 Nf6 3. Bg5 e6 4. Nbd2 Be7 5. g3 O-O 6. Bg2 Nbd7 7. O-O b6 8. c4
c6 9. Re1 Ba6 10. b3 h6 11. Bxf6 Nxf6 12. Ne5 Rc8 13. a3 c5 14. cxd5 Nxd5 15.
Ndf3 Nc3 16. Qd2 cxd4 17. Nxd4 Bf6 18. Qe3 Qd6 19. Ndc6 Rxc6 20. Nxc6 Nxe2+ 21.
Kh1 Bxa1 22. Rxa1 Rc8 23. Nb4 Bb5 24. Bf3 Qd4 25. Ra2 Qd1+ 26. Kg2 Qg1+ 27. Kh3
Nf4+ 28. Kg4 g5 29. Be4 Bf1 30. Kf3 0-1

[Event "DEM U14 2013"]
[Site "Oberhof GER"]
[Date "2013.05.20"]
[Round "3"]
[White "Balazs, Balint"]
[Black "Gröbel, Aaron"]
[Result "1-0"]
[Termination "normal"]
[Board "21"]
[WhiteElo "1857"]
[BlackElo "1720"]
[PlyCount "57"]
[WhiteFideId "12922757"]
[BlackFideId "12914851"]
[EventCountry "GER"]
[EventRounds "9"]
[EventType "swiss"]
[EventDate "2013.05.18"]

1. e4 e5 2. Bc4 Nf6 3. d3 h6 4. Nc3 Bc5 5. f4 d6 6. Nf3 Nc6 7. Na4 Bb6 8. Nxb6
axb6 9. O-O O-O 10. h3 Qe7 11. Nh4 Kh7 12. Qe1 Nd4 13. Qf2 b5 14. Bb3 Nxb3 15.
cxb3 Be6 16. Be3 exf4 17. Bxf4 Nh5 18. Be3 Rae8 19. g4 Nf6 20. Nf5 Bxf5 21.
Qxf5+ Kh8 22. g5 hxg5 23. Bxg5 Qe5 24. Bxf6 gxf6 25. Qxf6+ Qxf6 26. Rxf6 Kg7
27. Rf5 Re5 28. Raf1 c6 29. a4 1-0

[Event "DEM U14 2013"]
[Site "Oberhof GER"]
[Date "2013.05.20"]
[Round "3"]
[White "Lai Hop, Long"]
[Black "Karsay, Pascal"]
[Result "1/2-1/2"]
[Termination "normal"]
[Board "22"]
[WhiteElo "1659"]
[BlackElo "1693"]
[PlyCount "53"]
[WhiteFideId "12942707"]
[BlackFideId "12953474"]
[EventCountry "GER"]
[EventRounds "9"]
[EventType "swiss"]
[EventDate "2013.05.18"]

1. e4 e5 2. Nf3 Nf6 3. Nxe5 d6 4. Nf3 Nxe4 5. Nc3 Nxc3 6. dxc3 Be7 7. Be2 O-O
8. O-O Bf5 9. c4 Nc6 10. c3 Bf6 11. Bf4 Re8 12. Bd3 Bxd3 13. Qxd3 Ne5 14. Nxe5
dxe5 15. Qxd8 Raxd8 16. Be3 a6 17. Rfd1 Rxd1+ 18. Rxd1 Rd8 19. Rxd8+ Bxd8 20.
Kf1 Kf8 21. Ke2 Ke7 22. Kd3 Ke6 23. f4 exf4 24. Bxf4 g5 25. Be3 f5 26. g3 h5
27. b4 1/2-1/2

[Event "DEM U14 2013"]
[Site "Oberhof GER"]
[Date "2013.05.21"]
[Round "4"]
[White "Perske, Thore"]
[Black "Bergauz, Noam"]
[Result "1-0"]
[Termination "normal"]
[Board "1"]
[WhiteElo "2158"]
[BlackElo "1900"]
[PlyCount "47"]
[WhiteFideId "12902195"]
[BlackFideId "12938033"]
[EventCountry "GER"]
[EventRounds "9"]
[EventType "swiss"]
[EventDate "2013.05.18"]

1. e4 c5 2. Nf3 d6 3. d4 cxd4 4. Nxd4 Nf6 5. Nc3 a6 6. Be3 e5 7. Nb3 Be6 8. f3
Be7 9. Qd2 O-O 10. O-O-O a5 11. a4 Nc6 12. Kb1 Nb4 13. Bb5 d5 14. exd5 Bf5 15.
Na1 Ne8 16. g4 Bg6 17. h4 Bxh4 18. d6 f5 19. d7 Nc7 20. Bc4+ Bf7 21. Bxf7+ Rxf7
22. Rxh4 f4 23. Bb6 Qxh4 24. d8=Q+ 1-0

[Event "DEM U14 2013"]
[Site "Oberhof GER"]
[Date "2013.05.21"]
[Round "4"]
[White "Kololli, Kevin"]
[Black "Baskin, Robert"]
[Result "1/2-1/2"]
[Termination "normal"]
[Board "2"]
[WhiteElo "1827"]
[BlackElo "2157"]
[PlyCount "42"]
[WhiteFideId "12936863"]
[BlackFideId "24662402"]
[EventCountry "GER"]
[EventRounds "9"]
[EventType "swiss"]
[EventDate "2013.05.18"]

1. e4 c5 2. Nf3 a6 3. c3 d5 4. exd5 Qxd5 5. d4 Nf6 6. Be3 cxd4 7. cxd4 e6 8.
Nc3 Qd6 9. Bd3 Nc6 10. O-O Be7 11. Rc1 Nb4 12. Bb1 O-O 13. Qe2 b6 14. Rfd1 Bb7
15. Ne5 Rac8 16. Bf4 Nbd5 17. Bg3 Qd8 18. f3 Nh5 19. Nxd5 Bxd5 20. Qxa6 Rxc1
21. Rxc1 Nxg3 1/2-1/2

[Event "DEM U14 2013"]
[Site "Oberhof GER"]
[Date "2013.05.21"]
[Round "4"]
[White "Schröder, Kevin"]
[Black "Sawlin, Leonid"]
[Result "0-1"]
[Termination "normal"]
[Board "3"]
[WhiteElo "2046"]
[BlackElo "1952"]
[PlyCount "104"]
[WhiteFideId "12929840"]
[BlackFideId "4689542"]
[EventCountry "GER"]
[EventRounds "9"]
[EventType "swiss"]
[EventDate "2013.05.18"]

1. e4 e6 2. d4 d5 3. Nc3 Nf6 4. Bg5 Be7 5. e5 Nfd7 6. h4 Bxg5 7. hxg5 Qxg5 8.
Nh3 Qe7 9. Qg4 g6 10. Ng5 h5 11. Qf4 a6 12. Rh3 c5 13. Rf3 cxd4 14. Qxf7+ Qxf7
15. Nxf7 Rf8 16. Nd6+ Kd8 17. Rxf8+ Nxf8 18. Ne2 Nc6 19. f4 Ke7 20. O-O-O g5
21. Nxd4 gxf4 22. Nf3 Nd7 23. Re1 Nc5 24. Nh4 Kd7 25. Ng6 Kc7 26. Nxf4 Bd7 27.
Nxh5 Nxe5 28. Nxb7 Ne4 29. Nc5 Nxc5 30. Rxe5 Rf8 31. Re1 Kd6 32. b4 Ne4 33. Bd3
Nc3 34. Kb2 Na4+ 35. Ka3 e5 36. c4 e4 37. Bc2 Nc3 38. cxd5 Kxd5 39. Ng3 Rf2 40.
Nxe4 Rxc2 41. Nf6+ Kc4 42. Ra1 Be6 43. Ne8 Rd2 44. Nc7 Bf5 45. Nxa6 Kb5 46. Kb3
Nb1 47. Nc7+ Kb6 48. Ne8 Be6+ 49. Ka4 Nc3+ 50. Ka3 Nb5+ 51. Ka4 Rd3 52. a3 Bb3#
0-1